| 000 | 01362nam a22002657a 4500 | ||
|---|---|---|---|
| 999 |
_c972 _d972 |
||
| 003 | AR-CdUCM | ||
| 008 | 190226b ||||| |||| 00| 0 spa d | ||
| 040 |
_aMUNICIPALIDAD PROVINCIAL DEL CUSCO _cBIBLIOTECA MUNICIPAL DEL CUSCO |
||
| 082 |
_21ed. _a331.71 _bUN61 |
||
| 100 |
_aUniversidad Nacional Federico Villarreal, Centro de Investigaciones Económicas y Sociales. _93791 |
||
| 245 |
_aFuga de talentos y desaprovechamiento interno / _cUniversidad Nacional Federico Villarreal, Centro de Investigaciones Económicas y Sociales ; Segura R., Santiago ; Ocampo R., Esteban ; Barrantes C., Salvador ; Tradardi R., Franco ; Uriarte M., Felípe |
||
| 260 |
_aLima - Perú : _bEdit. Jurídica, _c1971. |
||
| 300 |
_a168 páginas ; _bilustraciones, _c21 cm. |
||
| 505 | _aLa emigración en el exterior -- la emigración a nivel mundial -- la emigración en Latinoamérica -- causas que se le atribuyen -- emigración de personal calificado -- emigración de estudiantes ... | ||
| 650 |
_aProfesionales peruanos. _93792 |
||
| 650 |
_aEmigración. _93793 |
||
| 650 |
_aLatinoamérica y mundial. _93794 |
||
| 700 |
_aSegura R., Santiago. _93795 |
||
| 700 |
_aOcampo R., Esteban. _93796 |
||
| 700 |
_aBarrantes C., Salvador . _93797 |
||
| 700 |
_aTradardi R., Franco. _93798 |
||
| 700 |
_aUriarte M., Felípe. _93799 |
||
| 942 |
_2ddc _cLIBROS |
||
| 945 |
_aachl _d2019-02-26 |
||